| 000 | 00329nam a2200109 4500 | ||
|---|---|---|---|
| 008 | 160702b xxu||||| |||| 00| 0 eng d | ||
| 100 |
_91795 _a Lal, B.N |
||
| 245 | _aA New Approach to English Grammer & Composition | ||
| 260 |
_aNew Delhi _bArya _c2004 |
||
| 300 | _aA New Approach to English Grammer & Composition | ||
| 942 |
_2ddc _cBK |
||
| 999 |
_c1499 _d1499 |
||